| 000 | 01285cam a2200241 4500 | ||
|---|---|---|---|
| 001 | ##L134722 | ||
| 008 | 060829n2006 000 0 eng u | ||
| 035 | _a(Sirsi) u134722 | ||
| 041 | 0 | _aeng | |
| 050 | 0 | 4 | _a711.1 $2 18 |
| 110 | 1 |
_aUnited Kingdom _bDepartment for Communities and Local Government _94939 |
|
| 245 | 0 | 0 | _aProtocol for handling proposals to save adopted Local Plan, Unitary Development Plan and Structure Plan policies beyond the three year saved period |
| 260 |
_aLondon _bDCLG _c2006 |
||
| 520 | _aFrom 27 September 2007 policies in many adopted development plans would cease to be in effect except where the SoS extends the time for such policies. Sets out how local planning authorities and regional planning bodies should make requests for such extension and how government will respond to them. | ||
| 590 | _aIKA050906 | ||
| 650 | 2 | 4 | _aPLANNING AND COMPULSORY PURCHASE ACT 2004 |
| 650 | 2 | 4 | _aPLANNING POLICY STATEMENT 12 |
| 650 | 2 | 4 | _aPLANNING POLICY STATEMENT 11 |
| 651 | 4 |
_aEngland _y886- |
|
| 690 | _aENVIRONMENTAL AND LAND CONSULTANCY-PLANNING AND DEVELOPMENT-PLANNING GUIDANCE-LOCAL DEVELOPMENT PLANS | ||
| 856 | 4 | 0 |
_uhttps://www.communities.gov.uk/index.asp?id=1502204 _zView the protocol free of charge at www.communities.gov.uk... |
| 942 | _n0 | ||
| 999 |
_c105789 _d105789 |
||